{"text_format":"3","workbook":"xlsx","n_sheets":8,"sheets":["Rozdelenie vykurovacích okruhov","Ostatné prvky","Izolácie","Expanzné nádoby","Kotly a zásobniky","Podlahové vykurovanie","Napojenie vykurovacích telies","Regulačné armatúry"],"read":"whole","date_system":"1900"}

{"sheet":"Rozdelenie vykurovacích okruhov","index":0,"n_rows":6,"n_cols":7,"rows_kept":6}
["č.","Artikel","Názov","Množstvo","Jednotka","Jednotková\ncena\n(bez DPH)","Celková\ncena\n(bez DPH)"]
[null,null,"HERZ      (Posledná aktualizácia: 04.2023)"]
[1,1450111,"HERZ Rozdeľovač k Pumpfixu DN 25 2-okruhový",1,"ks",{"v":211.09,"d":"211.09€"},{"v":211.09,"d":"211.09€"}]
[2,1451117,"PUMPFIX MIX DN 25 (4,0 m3/h) WILO Yonos Para 25/1-6 ",1,"ks",{"v":557.63,"d":"557.63€"},{"v":557.63,"d":"557.63€"}]
[3,1451113,"PUMPFIX MIX DN 25 (6,3 m3/h) WILO Yonos Para 25/1-6 ",1,"ks",{"v":558.75,"d":"558.75€"},{"v":558.75,"d":"558.75€"}]
[4,1451117,"PUMPFIX Direkt DN 25WILO Yonos Para 25/1-6 ",1,"ks",{"v":557.63,"d":"557.63€"},{"v":557.63,"d":"557.63€"}]

{"sheet":"Ostatné prvky","index":1,"n_rows":14,"n_cols":7,"rows_kept":14}
["č.","Artikel","Názov","Množstvo","Jednotka","Jednotková\ncena\n(bez DPH)","Celková\ncena\n(bez DPH)"]
[null,null,"SALUS Controls (Thermo-control SK s.r.o.)      (Neaktualizované od: 03.2016)"]
[1,"VS10W; 5060103692385","Digitálny drôtový termostat VS10  W",10,"ks",{"v":63.7,"d":"63.70€"},{"v":637,"d":"637.00€"}]
[null,null," Neznámy - oceľové potrubia      (Posledná aktualizácia: )"]
[1,null,"Oceľová rúrka bezšvíková (archív) DN 25 - !!! Vyradené z predaja 10.2021",0.09,"m",{"v":0,"d":"0.00€"},{"v":0,"d":"0.00€"}]
[2,"---","Spojka z HERZ Rúrka plast-hliníková PE-RT hr. Al 0,4-0,8 mm, v tyči 32x3,0 na HERZ Rúrka plast-hliníková PE-RT hr. Al 0,4-0,8 mm, v tyči 20x2,0",2,"j.",{"v":0,"d":"0.00€"},{"v":0,"d":"0.00€"}]
[3,"---","Spojka z Oceľová rúrka bezšvíková (archív) DN 20 na Oceľová rúrka bezšvíková (archív) DN 25",2,"j.",{"v":0,"d":"0.00€"},{"v":0,"d":"0.00€"}]
[4,"---","Spojka z Oceľová rúrka bezšvíková (archív) DN 20 na Rúrka - IVAR.C - steel (z vonku.pozinkovaná) 54x1,5",4,"j.",{"v":0,"d":"0.00€"},{"v":0,"d":"0.00€"}]
[5,"---","Spojka z Oceľová rúrka bezšvíková (archív) DN 20 na HERZ Rúrka plast-hliníková PE-RT hr. Al 0,4-0,8 mm, v tyči 40x3,5",2,"j.",{"v":0,"d":"0.00€"},{"v":0,"d":"0.00€"}]
[6,"---","Spojka z Oceľová rúrka bezšvíková (archív) DN 20 na Rúrka - IVAR.C - steel (z vonku.pozinkovaná) 42x1,5",2,"j.",{"v":0,"d":"0.00€"},{"v":0,"d":"0.00€"}]
[7,"---","Spojka z Rúrka - IVAR.C - steel (z vonku.pozinkovaná) 15x1,2 na Rúrka - IVAR.C - steel (z vonku.pozinkovaná) 35x1,5",2,"j.",{"v":0,"d":"0.00€"},{"v":0,"d":"0.00€"}]
[{"$nulls":3},"Cena použitých výrobkov",null,null,{"$f":"SUM(G2:G11)","v":{"v":637,"d":"637.00€"}}]
[{"$nulls":3},"Celková cena",null,null,{"$f":"'Podlahové vykurovanie'!G15+'Napojenie vykurovacích telies'!G22+'Regulačné armatúry'!G11+#REF!+'Kotly a zásobniky'!G7+'Expanzné nádoby'!G6+Izolácie!G10+'Ostatné prvky'!G12+'Rozdelenie vykurovacích okruhov'!G6","v":{"$error":"#REF!"}}]
[null,"Poznámka:"]

{"sheet":"Izolácie","index":2,"n_rows":12,"n_cols":7,"rows_kept":12}
["č.","Artikel","Názov","Množstvo","Jednotka","Jednotková\ncena\n(bez DPH)","Celková\ncena\n(bez DPH)"]
[null,null,"ARMACELL (dodávateľ CERTIMA, s.r.o.)      (Neaktualizované od: 10.2020)"]
[1,"TL 15 x 27 DG","Tubolit DG hr. 25 mm; d = 15 mm",1.41,"m",{"v":1.96,"d":"1.96€"},{"v":2.76,"d":"2.76€"}]
[2,"TL 18 x 30 DG","Tubolit DG hr. 30 mm; d = 18 mm",9.18,"m",{"v":2.28,"d":"2.28€"},{"v":20.93,"d":"20.93€"}]
[3,"TL 22 x 30 DG","Tubolit DG hr. 30 mm; d = 22 mm",1.62,"m",{"v":2.47,"d":"2.47€"},{"v":4,"d":"4.00€"}]
[4,"TL 28 x 30 DG","Tubolit DG hr. 30 mm; d = 28 mm",58.74,"m",{"v":2.62,"d":"2.62€"},{"v":153.9,"d":"153.90€"}]
[5,"TL 35 x 30 DG","Tubolit DG hr. 30 mm; d = 35 mm",103.12,"m",{"v":2.93,"d":"2.93€"},{"v":302.14,"d":"302.14€"}]
[6,"TL 42 x 30 DG","Tubolit DG hr. 30 mm; d = 42 mm",42.99,"m",{"v":3.4,"d":"3.40€"},{"v":146.17,"d":"146.17€"}]
[7,"TL 54 x 30 DG","Tubolit DG hr. 30 mm; d = 54 mm",13.1,"m",{"v":4.07,"d":"4.07€"},{"v":53.32,"d":"53.32€"}]
[{"$nulls":3},"Cena použitých výrobkov",null,null,{"$f":"SUM(G2:G9)","v":{"v":683.22,"d":"683.22€"}}]
[{"$nulls":3},"Celková cena",null,null,{"$f":"'Podlahové vykurovanie'!G15+'Napojenie vykurovacích telies'!G22+'Regulačné armatúry'!G11+#REF!+'Kotly a zásobniky'!G7+'Expanzné nádoby'!G6+Izolácie!G10+'Ostatné prvky'!G12+'Rozdelenie vykurovacích okruhov'!G6","v":{"$error":"#REF!"}}]
[null,"Poznámka:"]

{"sheet":"Expanzné nádoby","index":3,"n_rows":8,"n_cols":7,"rows_kept":8}
["č.","Artikel","Názov","Množstvo","Jednotka","Jednotková\ncena\n(bez DPH)","Celková\ncena\n(bez DPH)"]
[null,null,"Flamco (dodávateľ CERTIMA, s.r.o.)      (Neaktualizované od: 05.2016)"]
[1,24558,"Airfix A 8 - 80 25",1,"ks",{"v":0,"d":"0.00€"},{"v":0,"d":"0.00€"}]
[2,26073,"Flexcon C (2-25 l) 8",1,"ks",{"v":31.9,"d":"31.90€"},{"v":31.9,"d":"31.90€"}]
[3,26343,"Flexcon C (35-80 l) 35",1,"ks",{"v":50.5,"d":"50.50€"},{"v":50.5,"d":"50.50€"}]
[{"$nulls":3},"Cena použitých výrobkov",null,null,{"$f":"SUM(G2:G5)","v":{"v":82.4,"d":"82.40€"}}]
[{"$nulls":3},"Celková cena",null,null,{"$f":"'Podlahové vykurovanie'!G15+'Napojenie vykurovacích telies'!G22+'Regulačné armatúry'!G11+#REF!+'Kotly a zásobniky'!G7+'Expanzné nádoby'!G6+Izolácie!G10+'Ostatné prvky'!G12+'Rozdelenie vykurovacích okruhov'!G6","v":{"$error":"#REF!"}}]
[null,"Poznámka:"]

{"sheet":"Kotly a zásobniky","index":4,"n_rows":20,"n_cols":7,"rows_kept":20}
["č.","Artikel","Názov","Množstvo","Jednotka","Jednotková\ncena\n(bez DPH)","Celková\ncena\n(bez DPH)"]
[null,null,"VAILLANT      (Neaktualizované od: 08.2022)"]
[1,10023704,"eloBLOCK VE 24 ",1,"ks",{"v":1250,"d":"1,250.00€"}]
[2,10020641,"uniSTOR VIH RW 500 ",1,"ks",{"v":2875,"d":"2,875.00€"}]
[3,10015124,"allSTOR plus VPS 300/3-7 ",1,"ks",{"v":1375,"d":"1,375.00€"}]
[4,10044692,"Tepelné čerpadlo aroTHERM plus VWL 105/6 A 400 V Riadiaci modul VWZ AI MB4 Regulátor multiMATIC 700 ",2,"ks",{"v":11900,"d":"11,900.00€"},{"v":21400,"d":"21,400.00€"}]
[5,null,"Fancoil Vaillant VA 2-075 CN",4,"ks",{"v":575,"d":"575.00€"},{"$f":"F7*D7","v":{"v":2300,"d":"2,300.00€"}}]
[6,null,"Regulátor vaillant VA 2-WC C",4,"ks",{"v":73.33,"d":"73.33€"},{"$f":"F8*D8","v":{"v":293.32,"d":"293.32€"}}]
[7,null," MAGNETICKÝ FILTER 6/4\"",2,"ks"]
[8,null,"SYSTEMOVÝ REGULÁTOR VAILLANT sensoCOMFORT 720",1,"ks",{"v":270.83,"d":"270.83€"}]
[9,null,"ROZŠÍRUJÚCI MODUL VAILLANT VR 71",1,"ks",{"v":283.33,"d":"283.33€"}]
[10,null,"DIAĽKOVÉ OVLADANIE NA 2.NP VAILLANT VR 91",1,"ks",{"v":116.67,"d":"116.67€"}]
[11,null,"SensoNET VR VR 940f - - INTERNETOVÝ KOMUNIKAČNÝ MODUL SO SIEŤOVÝM ADAPTÉROM",1,"ks",{"v":125,"d":"125.00€"}]
[12,null,"OBEHOVÉ ČERPADLO CIRKULÁCIU TÚV GRUNDFOS ALPHA 2 25-60N 130",1,"ks"]
[13,null,"VR 10 snímač teploty",6,"ks",{"v":20.42,"d":"20.42€"}]
[14,null,"Meranie  regulácia",1,"ks",{"v":3500,"d":"3,500.00€"}]
[15,null,"Spustenie a uvedenie do prevadzky elektrokotol",1,"ks"]
[16,null,"Spustenie a uvedenie do prevadzky tepelné čerpadlá",2,"ks"]
[17,null,"VR 32 B kaskádový modul (eBUS) s možnosťou upevnenia na stenu pre tepelné čerpadlá",2,"ks",{"v":112.5,"d":"112.50€"}]
[18,null,"VR 32 kaskádový modul ",1,"ks",{"v":81.67,"d":"81.67€"}]

{"sheet":"Podlahové vykurovanie","index":5,"n_rows":17,"n_cols":7,"rows_kept":17}
["č.","Artikel","Názov","Množstvo","Jednotka","Jednotková\ncena\n(bez DPH)","Celková\ncena\n(bez DPH)"]
[null,null,"HERZ      (Posledná aktualizácia: 04.2023)"]
[1,"3D16020","HERZ Rúrka plast-hliníková PE-RT Al 0,2mm (PV) 16x2,0 ( 200 m )",721.79,"m",{"v":1.46,"d":"1.46€"},{"v":1053.81,"d":"1,053.81€"}]
[2,"3F03009","HERZ Platňa noppová Combitop  30-2 ( 6,72 m^2 )",65.32,"m^2",{"v":16.25,"d":"16.25€"},{"v":1061.45,"d":"1,061.45€"}]
[3,"3F14001","HERZ RENOVA 16 platňa 1000x500 ( 1 m^2 )",67.96,"m^2",{"v":10.78,"d":"10.78€"},{"v":732.61,"d":"732.61€"}]
[4,1863207,"HERZ Rozdeľovač tyčový z nerezovej ocele s regulačnými prietokomermi (do 3 l/min) 7-okruhový, DN 25 pre vykurovacie okruhy plošného vykurovanie",2,"ks",{"v":233.6,"d":"233.60€"},{"v":467.2,"d":"467.20€"}]
[5,"PVK00011417","HERZ - Chránička 16 ( 50 m )",36.09,"m",{"v":0.65,"d":"0.65€"},{"v":23.46,"d":"23.46€"}]
[6,1856915,"HERZ - Skrinka rozdeľovača (do steny) šírka 750 mm",2,"ks",{"v":104.73,"d":"104.73€"},{"v":209.46,"d":"209.46€"}]
[7,"3F14002","HERZ RENOVA 16 teplovodiaci plech ",300,"ks",{"v":7.9,"d":"7.90€"},{"v":2370,"d":"2,370.00€"}]
[8,"3F08002","Okrajový izolačný a tlmiaci pás RDS 8/160 MK ( 100 m )",132.7,"m",{"v":1.05,"d":"1.05€"},{"v":139.34,"d":"139.34€"}]
[9,"3F09001","Prísada do poteru  ( 10 kg )",13.06,"kg",{"v":43.12,"d":"43.12€"},{"v":563.15,"d":"563.15€"}]
[null,null,"SALUS Controls (Thermo-control SK s.r.o.)      (Neaktualizované od: 03.2016)"]
[1,"T28NC-230V M28x1,5; 5060103691562","Termoelektrický pohon T28NC 230V",14,"ks",{"v":16.12,"d":"16.12€"},{"v":225.68,"d":"225.68€"}]
[2,"KL10; 5060103692408","Centrálna svorkovnica k ovládaniu podlahového vykurovania 8+1  KL10",2,"ks",{"v":168.85,"d":"168.85€"},{"v":337.7,"d":"337.70€"}]
[{"$nulls":3},"Cena použitých výrobkov",null,null,{"$f":"SUM(G2:G14)","v":{"v":7183.86,"d":"7,183.86€"}}]
[{"$nulls":3},"Celková cena",null,null,{"$f":"'Podlahové vykurovanie'!G15+'Napojenie vykurovacích telies'!G22+'Regulačné armatúry'!G11+#REF!+'Kotly a zásobniky'!G7+'Expanzné nádoby'!G6+Izolácie!G10+'Ostatné prvky'!G12+'Rozdelenie vykurovacích okruhov'!G6","v":{"$error":"#REF!"}}]
[null,"Poznámka:"]

{"sheet":"Napojenie vykurovacích telies","index":6,"n_rows":24,"n_cols":7,"rows_kept":24}
["č.","Artikel","Názov","Množstvo","Jednotka","Jednotková\ncena\n(bez DPH)","Celková\ncena\n(bez DPH)"]
[null,null,"HERZ      (Posledná aktualizácia: 04.2023)"]
[1,"3C20034","HERZ Rúrka plast-hliníková PE-RT hr. Al 0,4-0,8 mm, v tyči 20x2,0 ( 5 m )",1.62,"m",{"v":3.24,"d":"3.24€"},{"v":5.25,"d":"5.25€"}]
[2,"3C32035","HERZ Rúrka plast-hliníková PE-RT hr. Al 0,4-0,8 mm, v tyči 32x3,0 ( 5 m )",98.51,"m",{"v":9.02,"d":"9.02€"},{"v":888.56,"d":"888.56€"}]
[3,"3C26035","HERZ Rúrka plast-hliníková PE-RT hr. Al 0,4-0,8 mm, v tyči 26x3,0 ( 5 m )",58.74,"m",{"v":6.75,"d":"6.75€"},{"v":396.5,"d":"396.50€"}]
[4,"3C40036","HERZ Rúrka plast-hliníková PE-RT hr. Al 0,4-0,8 mm, v tyči 40x3,5 ( 5 m )",38.95,"m",{"v":13.84,"d":"13.84€"},{"v":539.07,"d":"539.07€"}]
[5,1609803,"Prechodka na plastové rúrky (G 3/4) 16x2",28,"ks",{"v":3.47,"d":"3.47€"},{"v":97.16,"d":"97.16€"}]
[6,1626513,"Spojka (závitová) Rp 3/4 / G 1",8,"ks",{"v":3.77,"d":"3.77€"},{"v":30.16,"d":"30.16€"}]
[7,"P723215","T-kus redukovaný 32x3 / 32x3 / 20x2",2,"ks",{"v":15.78,"d":"15.78€"},{"v":31.56,"d":"31.56€"}]
[8,"P724006","T-kus redukovaný 40x3,5 / 26x3 / 32x3",2,"ks",{"v":22.69,"d":"22.69€"},{"v":45.38,"d":"45.38€"}]
[9,"P724002","T-kus stredná vetva redukovaná 40x3,5 / 26x3 / 40x3,5",2,"ks",{"v":23.11,"d":"23.11€"},{"v":46.22,"d":"46.22€"}]
[10,"P722617","T-kus zväčšená stredná vetva 26x3 / 32x3 / 26x3",2,"ks",{"v":15.63,"d":"15.63€"},{"v":31.26,"d":"31.26€"}]
[null,null,"IVAR CS s.r.o.      (Posledná aktualizácia: 12.2023)"]
[1,"IVCCT.15","Rúrka - IVAR.C - steel (z vonku.pozinkovaná) 15x1,2 ( 6 m )",1.41,"m",{"v":4,"d":"4.00€"},{"v":5.64,"d":"5.64€"}]
[2,"IVCCT.35","Rúrka - IVAR.C - steel (z vonku.pozinkovaná) 35x1,5 ( 6 m )",5.03,"m",{"v":11.4,"d":"11.40€"},{"v":57.34,"d":"57.34€"}]
[3,"IVCCT.42","Rúrka - IVAR.C - steel (z vonku.pozinkovaná) 42x1,5 ( 6 m )",4.04,"m",{"v":13.74,"d":"13.74€"},{"v":55.51,"d":"55.51€"}]
[4,"IVCCT.54","Rúrka - IVAR.C - steel (z vonku.pozinkovaná) 54x1,5 ( 6 m )",13.1,"m",{"v":17.89,"d":"17.89€"},{"v":234.36,"d":"234.36€"}]
[5,"IVC10.42","Nátrubok - C 42x42",1,"ks",{"v":6.93,"d":"6.93€"},{"v":6.93,"d":"6.93€"}]
[6,"IVC12.5435","Redukcia s jedným zásuvným koncom - C 54x35mm",2,"ks",{"v":15.25,"d":"15.25€"},{"v":30.5,"d":"30.50€"}]
[7,"IVC12.5442","Redukcia s jedným zásuvným koncom - C 54x42mm",4,"ks",{"v":12.32,"d":"12.32€"},{"v":49.28,"d":"49.28€"}]
[8,"IVC40.54","T-kus 90° - jednoznačný - C 54mm",6,"ks",{"v":24.15,"d":"24.15€"},{"v":144.9,"d":"144.90€"}]
[{"$nulls":3},"Cena použitých výrobkov",null,null,{"$f":"SUM(G2:G21)","v":{"v":2695.580000000001,"d":"2,695.58€"}}]
[{"$nulls":3},"Celková cena",null,null,{"$f":"'Podlahové vykurovanie'!G15+'Napojenie vykurovacích telies'!G22+'Regulačné armatúry'!G11+#REF!+'Kotly a zásobniky'!G7+'Expanzné nádoby'!G6+Izolácie!G10+'Ostatné prvky'!G12+'Rozdelenie vykurovacích okruhov'!G6","v":{"$error":"#REF!"}}]
[null,"Poznámka:"]

{"sheet":"Regulačné armatúry","index":7,"n_rows":13,"n_cols":7,"rows_kept":13}
["č.","Artikel","Názov","Množstvo","Jednotka","Jednotková\ncena\n(bez DPH)","Celková\ncena\n(bez DPH)"]
[null,null,"HERZ (ventily)      (Posledná aktualizácia: 04.2023)"]
[1,1266202,"Filter 0,5 mm ( Rp ) DN 20",4,"ks",{"v":8.95,"d":"8.95€"},{"v":35.8,"d":"35.80€"}]
[2,1216001,"HERZ Kohút guľový s pákovým ovládačom hrdlo x vonkajší závit, PN50, DN 15",1,"ks",{"v":8.28,"d":"8.28€"},{"v":8.28,"d":"8.28€"}]
[3,1216003,"HERZ Kohút guľový s pákovým ovládačom hrdlo x vonkajší závit, PN50, DN 25",1,"ks",{"v":17.55,"d":"17.55€"},{"v":17.55,"d":"17.55€"}]
[4,1401701,"STRÖMAX 4017 M DN 15",1,"ks",{"v":50.43,"d":"50.43€"},{"v":50.43,"d":"50.43€"}]
[5,1401702,"STRÖMAX 4017 M DN 20",4,"ks",{"v":56.47,"d":"56.47€"},{"v":225.88,"d":"225.88€"}]
[6,1401703,"STRÖMAX 4017 M DN 25",1,"ks",{"v":77.74,"d":"77.74€"},{"v":77.74,"d":"77.74€"}]
[null,null,"ESBE      (Neaktualizované od: 10.2016)"]
[1,43100100,"Zónový ventil so servopohonom MBA121 DN 20",4,"ks",{"v":85.41,"d":"85.41€"},{"v":341.64,"d":"341.64€"}]
[{"$nulls":3},"Cena použitých výrobkov",null,null,{"$f":"SUM(G2:G10)","v":{"v":757.3199999999999,"d":"757.32€"}}]
[{"$nulls":3},"Celková cena",null,null,{"$f":"'Podlahové vykurovanie'!G15+'Napojenie vykurovacích telies'!G22+'Regulačné armatúry'!G11+#REF!+'Kotly a zásobniky'!G7+'Expanzné nádoby'!G6+Izolácie!G10+'Ostatné prvky'!G12+'Rozdelenie vykurovacích okruhov'!G6","v":{"$error":"#REF!"}}]
[null,"Poznámka:"]